| 000 | 00360 a2200109 4500 | ||
|---|---|---|---|
| 001 | ART_18474 | ||
| 005 | 20260410161919.0 | ||
| 008 | 260409a | ||
| 245 | 1 | 0 | _aLa instrumentación como requisito para la aplicacíón del impuesto de sellos |
| 100 | 1 | _aJarach, Dino | |
| 773 | 0 |
_tLa información _g- Tomo XXXIV, Nº 564 (dic. 1976) _wREV14902 |
|
| 999 |
_c27566 _d27566 |
||